NPCR 1 Lesson 7 Vocabulary C-M - Statistics

General Stats
  • This quiz has been taken 2 times
  • The average score is 9 of 19
Answer Stats
Character Meaning % Correct
美国 United States
100%
ah; oh
50%
beautiful
50%
名片 calling card; business card
50%
加拿大 Canada
50%
中文 Chinese (language)
50%
美术 fine arts
50%
文学 literature
50%
专业 major; specialty
50%
名字 name
50%
一下 quick and trying actions; softens tone
50%
tall
50%
介绍 to introduce
50%
to open; to start
50%
开学 to start school
50%
to teach
50%
to watch; to look at; to read
50%
faculty; department
0%
教授 professor
0%
No matching quizzes found
Score Distribution
Percent of People with Each Score
Percentile by Number Answered
Your Score History
You have not taken this quiz